000 00686nam a22002297a 4500
005 20260401075629.0
008 260401b |||||||| |||| 00| 0 eng d
020 _a9789358495959
040 _aIN-DiNC
_cIN-DiNC
041 _dasm
082 _a339
_bSAM
245 _aSamastigata arthabigyan parichay (Major2 & Minor2)/
_cby Minati Gogoi Baruah and others
250 _a1st ed.
260 _aDibrugarh:
_bBanalata,
_c2024.
300 _a227p.
650 _aMacroeconomics (Major2 & Minor2)
700 _aBaruah, Minati Gogoi
_eauthor
700 _aNeog, Brajen Chandra
_eauthor
700 _aBorah, Arindam
_eauthor
700 _aBorpatro, Shakuntala
_eauthor
942 _2ddc
_cBK
999 _c12357
_d12357